<?xml version="1.0" encoding="UTF-8"?>
<record
    xmlns:xsi="http://www.w3.org/2001/XMLSchema-instance"
    xsi:schemaLocation="http://www.loc.gov/MARC21/slim http://www.loc.gov/standards/marcxml/schema/MARC21slim.xsd"
    xmlns="http://www.loc.gov/MARC21/slim">

  <leader>01921nam a22003137a 4500</leader>
  <controlfield tag="001">8566</controlfield>
  <controlfield tag="003">FISKH</controlfield>
  <controlfield tag="005">20250930110643.0</controlfield>
  <controlfield tag="008">250930b        cb ||||| |||| 00| 0 eng d</controlfield>
  <datafield tag="020" ind1=" " ind2=" ">
    <subfield code="a">9789995088989</subfield>
  </datafield>
  <datafield tag="040" ind1=" " ind2=" ">
    <subfield code="a">FISKH</subfield>
    <subfield code="b">khr</subfield>
    <subfield code="c">FISKH</subfield>
    <subfield code="d">FISKH</subfield>
  </datafield>
  <datafield tag="050" ind1=" " ind2=" ">
    <subfield code="a">PZ7</subfield>
  </datafield>
  <datafield tag="082" ind1=" " ind2=" ">
    <subfield code="a">895.9323</subfield>
  </datafield>
  <datafield tag="100" ind1=" " ind2=" ">
    <subfield code="a">Sotheary, Kimsun</subfield>
  </datafield>
  <datafield tag="245" ind1=" " ind2=" ">
    <subfield code="a">&#x1797;&#x17D2;&#x1793;&#x17C6;&#x1793;&#x17B6;&#x1784;&#x1780;&#x1784;&#x17D2;&#x179A;&#x17B8; : </subfield>
    <subfield code="b">Neang Kang Rei mountain / </subfield>
    <subfield code="c">&#x179A;&#x17C0;&#x1794;&#x179A;&#x17C0;&#x1784;&#x178A;&#x17C4;&#x1799; &#x17A2;&#x17D2;&#x1793;&#x1780;&#x179F;&#x17D2;&#x179A;&#x17B8; &#x1782;&#x17B9;&#x1798;&#x179F;&#x17CA;&#x17BB;&#x1793; &#x179F;&#x17BB;&#x1792;&#x17B6;&#x179A;&#x17B8; </subfield>
  </datafield>
  <datafield tag="260" ind1=" " ind2=" ">
    <subfield code="a">Phnom Penh : </subfield>
    <subfield code="b">Reading Books , </subfield>
    <subfield code="c">2008.</subfield>
  </datafield>
  <datafield tag="300" ind1=" " ind2=" ">
    <subfield code="a">24 pages : </subfield>
    <subfield code="b">color illustrations ; </subfield>
    <subfield code="c">25 cm . </subfield>
  </datafield>
  <datafield tag="490" ind1=" " ind2=" ">
    <subfield code="a">&#x1796;&#x17B7;&#x1797;&#x1796;&#x179A;&#x17BF;&#x1784;&#x1793;&#x17B7;&#x1791;&#x17B6;&#x1793;</subfield>
  </datafield>
  <datafield tag="505" ind1=" " ind2=" ">
    <subfield code="a">P 
</subfield>
  </datafield>
  <datafield tag="520" ind1=" " ind2=" ">
    <subfield code="a">&#x1793;&#x17B6;&#x1784;&#x1780;&#x1784;&#x17D2;&#x179A;&#x17B8; &#x1787;&#x17B6;&#x1794;&#x17D2;&#x179A;&#x1796;&#x1793;&#x17D2;&#x1792;&#x179A;&#x1794;&#x179F;&#x17CB;&#x1796;&#x17BB;&#x1791;&#x17D2;&#x1792;&#x17B8;&#x179F;&#x17C2;&#x1793; &#x1793;&#x17B6;&#x1784;&#x1794;&#x17B6;&#x1793;&#x179F;&#x17D2;&#x179B;&#x17B6;&#x1794;&#x17CB;&#x178A;&#x17C4;&#x1799;&#x179F;&#x17B6;&#x179A;&#x178F;&#x17C2;&#x1794;&#x17D2;&#x178F;&#x17B8;&#x1794;&#x17B6;&#x1793;&#x1785;&#x17B6;&#x1780;&#x1785;&#x17C4;&#x179B;&#x1793;&#x17B6;&#x1784; &#x1793;&#x17B6;&#x1784;&#x1799;&#x17C6;&#x179A;&#x17A0;&#x17BC;&#x178F;&#x179F;&#x17D2;&#x179B;&#x17B6;&#x1794;&#x17CB;&#x1794;&#x17B6;&#x1793;&#x179F;&#x17B6;&#x1780;&#x179F;&#x1796;&#x179A;&#x1794;&#x179F;&#x17CB;&#x1793;&#x17B6;&#x1784;&#x1794;&#x17B6;&#x1793;&#x1780;&#x17D2;&#x179B;&#x17B6;&#x1799;&#x1787;&#x17B6;&#x1797;&#x17D2;&#x1793;&#x17C6;&#x179A;&#x17A0;&#x17BC;&#x178F;&#x178A;&#x179B;&#x17CB;&#x179F;&#x1796;&#x17D2;&#x179C;&#x1790;&#x17D2;&#x1784;&#x17C3; &#x178A;&#x17C2;&#x179B;&#x179F;&#x17D2;&#x1790;&#x17B7;&#x178F;&#x1793;&#x17C5;&#x1797;&#x17BC;&#x1798;&#x17B7;&#x178F;&#x17D2;&#x179A;&#x1794;&#x17C2;&#x1780;&#x200B; &#x1783;&#x17BB;&#x17C6;&#x178F;&#x17D2;&#x179A;&#x1784;&#x17B7;&#x179B; &#x179F;&#x17D2;&#x179A;&#x17BB;&#x1780;&#x1780;&#x17C6;&#x1796;&#x1784;&#x17CB;&#x179B;&#x17C2;&#x1784; &#x1781;&#x17C1;&#x178F;&#x17D2;&#x178F;&#x1780;&#x17C6;&#x1796;&#x1784;&#x17CB;&#x1786;&#x17D2;&#x1793;&#x17B6;&#x17C6;&#x1784;&#x200B;&#x17D4;&#x200B;</subfield>
  </datafield>
  <datafield tag="520" ind1=" " ind2=" ">
    <subfield code="a">Neang Kong Rey was the wife of Puthisen. She died because her husband abandoned her. She cried until she passed away, and her body eventually turned into a mountain, which still exists today. This mountain is located in Trabaek Village, Trangel Commune, Kampong Leaeng District, Kampong Chhnang Province.</subfield>
  </datafield>
  <datafield tag="521" ind1="8" ind2=" ">
    <subfield code="a">650 
</subfield>
    <subfield code="b">Lexile estimate 
</subfield>
  </datafield>
  <datafield tag="521" ind1="8" ind2=" ">
    <subfield code="a">P 
</subfield>
    <subfield code="b">Raz-Plus 
</subfield>
  </datafield>
  <datafield tag="650" ind1=" " ind2=" ">
    <subfield code="a">&#x1797;&#x17D2;&#x1793;&#x17C6;&#x1793;&#x17B6;&#x1784;&#x1780;&#x1784;&#x17D2;&#x179A;&#x17B8; </subfield>
    <subfield code="v">&#x179A;&#x17BF;&#x1784;&#x1793;&#x17B7;&#x1791;&#x17B6;&#x1793;&#x1780;&#x17BB;&#x1798;&#x17B6;&#x179A;</subfield>
  </datafield>
  <datafield tag="650" ind1=" " ind2=" ">
    <subfield code="a">Neang Kang Rei mountain </subfield>
    <subfield code="v">Children's stories </subfield>
  </datafield>
  <datafield tag="700" ind1=" " ind2=" ">
    <subfield code="a">San, Thai</subfield>
    <subfield code="e">Illustrator </subfield>
  </datafield>
  <datafield tag="942" ind1=" " ind2=" ">
    <subfield code="2">ddc</subfield>
    <subfield code="c">KHB</subfield>
    <subfield code="n">0</subfield>
  </datafield>
  <datafield tag="999" ind1=" " ind2=" ">
    <subfield code="c">8566</subfield>
    <subfield code="d">8566</subfield>
  </datafield>
  <datafield tag="952" ind1=" " ind2=" ">
    <subfield code="0">0</subfield>
    <subfield code="1">0</subfield>
    <subfield code="2">ddc</subfield>
    <subfield code="4">0</subfield>
    <subfield code="7">0</subfield>
    <subfield code="8">Khmer-English Bilingual </subfield>
    <subfield code="a">002</subfield>
    <subfield code="b">002</subfield>
    <subfield code="c">TTP Khmer</subfield>
    <subfield code="d">2025-09-30</subfield>
    <subfield code="l">0</subfield>
    <subfield code="o">SOT PZ7 895.9323</subfield>
    <subfield code="p">FIS03947</subfield>
    <subfield code="r">2026-03-12 08:07:39</subfield>
    <subfield code="t">1</subfield>
    <subfield code="w">2025-09-30</subfield>
    <subfield code="y">KHB</subfield>
  </datafield>
  <datafield tag="952" ind1=" " ind2=" ">
    <subfield code="0">0</subfield>
    <subfield code="1">0</subfield>
    <subfield code="2">ddc</subfield>
    <subfield code="4">0</subfield>
    <subfield code="7">0</subfield>
    <subfield code="8">Khmer-English Bilingual </subfield>
    <subfield code="a">002</subfield>
    <subfield code="b">002</subfield>
    <subfield code="c">TTP Khmer</subfield>
    <subfield code="d">2025-10-24</subfield>
    <subfield code="l">0</subfield>
    <subfield code="o">SOT PZ7 895.9323</subfield>
    <subfield code="p">FIS03271</subfield>
    <subfield code="r">2025-10-24 14:34:03</subfield>
    <subfield code="t">2</subfield>
    <subfield code="w">2025-10-24</subfield>
    <subfield code="y">KHB</subfield>
  </datafield>
  <datafield tag="952" ind1=" " ind2=" ">
    <subfield code="0">0</subfield>
    <subfield code="1">0</subfield>
    <subfield code="2">ddc</subfield>
    <subfield code="4">0</subfield>
    <subfield code="7">0</subfield>
    <subfield code="8">Khmer-English Bilingual </subfield>
    <subfield code="a">002</subfield>
    <subfield code="b">002</subfield>
    <subfield code="c">TTP Khmer</subfield>
    <subfield code="d">2025-11-10</subfield>
    <subfield code="l">0</subfield>
    <subfield code="o">SOT PZ7 895.9323</subfield>
    <subfield code="p">FIS03962</subfield>
    <subfield code="r">2025-11-10 16:14:25</subfield>
    <subfield code="t">3</subfield>
    <subfield code="w">2025-11-10</subfield>
    <subfield code="y">KHB</subfield>
  </datafield>
</record>
